Dual Functions of Dietary Rubber Seed Oil Supplementation: Enriching N‐3 Polyunsaturated Fatty Acids and Enhancing Antioxidant Capacity in Pekin Ducks (Record no. 75863)

MARC details
000 -LEADER
fixed length control field 00843nam a22003017a 4500
100 ## - MAIN ENTRY--AUTHOR NAME
Personal name Zhuang, L.
245 ## - TITLE STATEMENT
Title Dual Functions of Dietary Rubber Seed Oil Supplementation: Enriching N‐3 Polyunsaturated Fatty Acids and Enhancing Antioxidant Capacity in Pekin Ducks
260 ## - PUBLICATION, DISTRIBUTION, ETC. (IMPRINT)
Name of publisher Animal Research and One Health
Year of publication 2025
300 ## - PHYSICAL DESCRIPTION
Other physical details Online
650 ## - SUBJECT ADDED ENTRY--TOPICAL TERM
Topical Term Antioxidant capacity
650 ## - SUBJECT ADDED ENTRY--TOPICAL TERM
Topical Term N-3 polyunsaturated fatty acids
650 ## - SUBJECT ADDED ENTRY--TOPICAL TERM
Topical Term Pekin duck
650 ## - SUBJECT ADDED ENTRY--TOPICAL TERM
Topical Term Rubber seed oil
650 ## - SUBJECT ADDED ENTRY--TOPICAL TERM
Topical Term Total cholestrol
700 ## - ADDED ENTRY--PERSONAL NAME
Personal name Wu, Y.
700 ## - ADDED ENTRY--PERSONAL NAME
Personal name Zhao, Z.
700 ## - ADDED ENTRY--PERSONAL NAME
Personal name Cao, J.
700 ## - ADDED ENTRY--PERSONAL NAME
Personal name Guo, Y.
700 ## - ADDED ENTRY--PERSONAL NAME
Personal name Wu, Z.
700 ## - ADDED ENTRY--PERSONAL NAME
Personal name Wang, Q.
700 ## - ADDED ENTRY--PERSONAL NAME
Personal name Yang, P.
700 ## - ADDED ENTRY--PERSONAL NAME
Personal name Wu, S.
700 ## - ADDED ENTRY--PERSONAL NAME
Personal name Wen, Z.
700 ## - ADDED ENTRY--PERSONAL NAME
Personal name Hou, S.
856 ## - ELECTRONIC LOCATION AND ACCESS
Uniform Resource Identifier https://doi.org/10.1002/aro2.70020
942 ## - ADDED ENTRY ELEMENTS (KOHA)
Koha item type Journals
Holdings
Withdrawn status Lost status Damaged status Not for loan Home library Current library Date acquired Koha item type
        RRII Library RRII Library 05/03/2026 Journals